000 00562nam a2200205 a 4500
001 3112
005 20140414132023.0
008 060201s19uu xx 00 eng d
020 _a0-590-62186-6
050 _aTR
_bL645 1994
100 _aLondon, Jonathan
245 _aLet's go, Froggy! /
_cby Jonathan London ; illustrated by Frank Remkiewicz.
260 _aNew York :
_bScholastic,
_c1994.
300 _a1 v. (unp.) : ill. ; cm.
650 _aPicnic
_xFiction.
650 _aChildren stories.
999 _c113517
_d113517